Click to Assemble Country Shapes #1 - Statistics

General Stats
  • This quiz has been taken 4,977 times
  • The average score is 14 of 25
Answer Stats
Hint Extra Hint Explanation Answer % Correct
Click the missing half Mexico
91%
Click the missing half Australia
80%
Click the missing half Iceland
79%
Click the missing half Turkey
71%
Click the missing half Greece
69%
Click the missing half Haiti
65%
Click the missing half Cuba
64%
Click the missing half Bangladesh
61%
Click the missing half Papua New Guinea
60%
Click the missing half Ireland
58%
Click the missing half Panama
56%
Click the missing half Mongolia
56%
Click the missing half Spain
56%
Click the missing half Cyprus
54%
Click the missing half Ukraine
53%
Click the missing half Austria
52%
Click the missing half Algeria
51%
Click the missing half Afghanistan
47%
Click the missing half South Korea
46%
Click the missing half South Africa
42%
Click the missing half RD Congo
40%
Click the missing half Iran
38%
Click the missing half Nigeria
34%
Click the missing half Belgium
34%
Click the missing half Estonia
30%
No matching quizzes found
Score Distribution
Percent of People with Each Score
Percentile by Number Answered
Your Score History
You have not taken this quiz